Only players to win Ballon d’or, World Cup and Champions League - Statistics

General Stats
  • This quiz has been taken 162 times
  • The average score is 6 of 9
Answer Stats
Answer % Correct
Lionel Messi
100%
Zinedine Zidane
81%
Ronaldinho
80%
Kaká
72%
Rivaldo
64%
Franz Beckenbauer
62%
Gerd Müller
57%
Sir Bobby Charlton
44%
Paolo Rossi
33%
No matching quizzes found
Score Distribution
Percent of People with Each Score
Percentile by Number Answered
Your Score History
You have not taken this quiz